Úloha ratingu pri hodnotení úverových rizík

Funkcia ratingu vo svete. Definovanie ratingu. Pojem Country Rating (hodnotenie krajiny) a Sovereign Rating (hodnotenie vlády). Základné komponenty metodológie, ktorú používajú ratingové spoločnosti. Ratingové hodnotenie na makroúrovni a mikroúrovni. Metodológia Standard & Poor´s. Najvýznamnejšie...

Descrizione completa

Salvato in:
Dettagli Bibliografici
Autore principale: Chovancová, Božena
Natura: Capitolo di libro
Lingua:slovacco
Soggetti:
Tags: Aggiungi Tag
Nessun Tag, puoi essere il primo ad aggiungerne!!

MARC

LEADER 00000naa$a2200000$$$4500
001 0005908
005 20221128120940.1
041 0 |a slo 
044 |a SK 
245 1 0 |a Úloha ratingu pri hodnotení úverových rizík  |c aut. Božena Chovancová 
520 |a Funkcia ratingu vo svete. Definovanie ratingu. Pojem Country Rating (hodnotenie krajiny) a Sovereign Rating (hodnotenie vlády). Základné komponenty metodológie, ktorú používajú ratingové spoločnosti. Ratingové hodnotenie na makroúrovni a mikroúrovni. Metodológia Standard & Poor´s. Najvýznamnejšie svetové a lokálne ratingové agentúry. Stupne ratingového hodnotenia a ich stručná charakteristika. 
610 2 0 |a rating úverový 
610 2 0 |a rating 
610 2 0 |a riziko úverové 
610 2 0 |a metodológia 
610 2 0 |a agentúry 
610 2 0 |a spoločnosti 
100 1 |a Chovancová, Božena